000 01138nam a2200349 a 4500
001 22476
003 SK-KTurca
005 20260330140345.0
008 090725s1975 xo e 000 f slo d
020 _q(viaz.)
035 _a(SVKBBclas03)vtls000270196
040 _aSVKBB
_bslo
_cSVKBB
_eAACR2
041 1 _aslo
_hhun
044 _axo
_cSK
072 7 _a821.511.1
_xUgrofínske literatúry
_2konspekt
080 _a821.511.141-31
_22011
080 _a(0:82-311.9)
_22011
100 1 _aHorváth, Zoltán Géza
240 1 0 _aProfesszor úr, hol a lámya?
_lSlovensky
245 1 0 _aPán profesor, kde máte dcéru ?
_cZoltán Géza Horváth ; [z maďarského originálu ... preložil Milan Žuffa]
250 _a1. vyd.
260 _aBratislava
_bPravda
_c1975
300 _a223 s.
_c21 cm
490 1 _aČlenská knižnica Pravda
655 7 _amaďarské romány
_2SNKPH
655 7 _avedecko-fantastické romány
_2SNKPH
655 7 _aHungarian fiction
_2SNKPHeng
655 7 _aScience fiction novels
_2SNKPHeng
700 1 _aŽuffa, Milan,
_d1927-2014
_4trl
830 0 _aČlenská knižnica Pravda
942 _2ddc
_cKLDO
_n0
999 _c22476
_d22476